000 00772nam a2200253Ia 4500
003 OSt
005 20220927105255.0
006 a|||||r|||| 00| 0
007 ta
008 220926b |||||||| |||| 00| 0 eng d
020 _a9780231128872
024 _a168524
037 _cReference Collections
040 _aRTL
_cRTL
_beng
041 _2eng
_aeng
082 _a"U671:(G:55), P7"
100 _aodum Howard T
_9371389
245 0 _a"Environment, power and society for the twenty-first century"
_b The hierarchy of energy
260 _aNew
_byork Columbia University Press
_c2007
300 _a"xiv,418p"
_ccm.
500 _aBibliography: Chapterwise
942 _h"U671:(G:55), P7"
_cCC
999 _c691586
_d691586